000 00816nam a22002655a 4500
001 37437
003 BD-RjUL
005 20211209052617.0
008 150117r19901985ii b f000 0 eng
035 _a(BD-RjUL)37541
040 _aDLC
_cDLC
_dDLC
_dBD-RjUL
_beng
041 _aeng
082 _220
_a634.304909759
_bREC 1990
100 1 _aReddy, G. S.
_9114939
245 1 0 _aCitrus diseases and their control /
_cG.S. Reddy and V.D. Murti.
260 _aNew Delhi :
_bIndian Council of Agricultural Research,
_c1985 [reprint 1990].
300 _a79 p. :
_bill. ;
_c25 cm.
504 _aIncludes bibliographies.
520 _aIndian context.
650 _aCitrus
_xDiseases and pests
_zFlorida.
_9114940
700 _aMurti, V.D.
_9114941
942 _2ddc
_cBK
999 _c37437
_d37437